00867nab a2200205 i 4500001001000000003001000010005001700020008004100037040003000078041000800108100003200116245008400148520014000232650003300372650002300405773016100428942000800589945004700597999001700644768714001CO-MdFUSB20240506110956.0240502t1966 sp ||||| |||| 00| 0 spa d bspacCO-MdFUSBdCO-MdFUSB aspa aVorgrimler, Herbert,eautor aCuestiones en torno al descenso de Cristo a los infiernosc/ Herbert Vorgrimler aEs un estudio acerca del descenso de Cristo a los infiernos, los temas centrales de la teología y la universalidad de la redención. 7aTeología dogmática96937 7aCristología92390 049450982569oR2501tRevista internacional de teología Conciliumw(CO-MdFUSB)8x0210-1041gNúmero 11, (enero, 1966), páginas: 140 - 151qpágina: 140 cANA aCatherine Arias Álvarez practicante SENA c69481d69481